000 00460nam a2200157 i 4500
001 34633
003 ES-MaACL
005 20230906154952.0
007 t|
008 030207s1951 sp ||||1| spa d
100 0 _aBlecua, José Manuel.
_929459
245 1 0 _aHistoria y textos de la literatura española /
_cJosé Manuel Blecua.
260 _aZaragoza :
_bAula Librería General,
_c1951.
300 _a2 t. ;
_c22 cm.
852 _aES-MaACL
_jE-2370-1
_bR.36330
999 _c34633
_d34633